|
|
|
|
| LEADER |
00000naa2a2200000 4500 |
| 001 |
239968 |
| 005 |
20251208135316.0 |
| 035 |
|
|
|a (RuTPU)RU\TPU\book\261213
|
| 035 |
|
|
|a RU\TPU\book\260986
|
| 090 |
|
|
|a 239968
|
| 100 |
|
|
|a 20130618d2012 k y0rusy50 ba
|
| 101 |
0 |
|
|a ger
|
| 102 |
|
|
|a RU
|
| 135 |
|
|
|a drcn ---uucaa
|
| 200 |
1 |
|
|a Korrosionsaktivität von wasser-erdöl-emulsionen beim betrieb der gewerblichen pipelines
|f J. S. Kissajewa
|g Wissens. Leiter N. V. Tschuchoreva ; L. S. Ratner
|
| 215 |
|
|
|a 1 файл :491 Кб)
|
| 225 |
1 |
|
|a Geology, mining and petroleum engineering (English, German)
|
| 300 |
|
|
|a Заглавие с титульного листа
|
| 320 |
|
|
|a [Literatur: s. 818 (3 titel)]
|
| 337 |
|
|
|a Adobe Reader
|
| 461 |
|
1 |
|0 (RuTPU)RU\TPU\book\252494
|t Проблемы геологии и освоения недр
|o труды XVI Международного симпозиума имени академика М. А. Усова студентов и молодых ученых, Томск, 2-7 апреля 2012 г.
|o в 2 т.
|f Национальный исследовательский Томский политехнический университет (ТПУ), Институт природных ресурсов (ИПР) ; Общество инженеров-нефтяников, Студенческий чаптер ; под ред. О. Г. Савичева
|d 2012
|
| 463 |
|
1 |
|0 (RuTPU)RU\TPU\book\252518
|t Т. 2
|v [С.816-818]
|d 2012
|
| 610 |
1 |
|
|a труды учёных ТПУ
|
| 610 |
1 |
|
|a электронный ресурс
|
| 610 |
1 |
|
|a трубопроводный транспорт
|
| 610 |
1 |
|
|a трубопроводы
|
| 610 |
1 |
|
|a коррозия
|
| 700 |
|
1 |
|a Kissajewa
|b J. S.
|
| 702 |
|
1 |
|a Tschuchoreva
|b N. V.
|c Fachmann auf dem Gebiet des Erdöl- und Erdgaswesens
|c Dozent der Polytechnischen Universität Tomsk, Kandidat der chemischen Wissenschafte
|f 1967-
|g Natalia Wjatscheslawovna
|4 727
|
| 702 |
|
1 |
|a Ratner
|b L. S.
|c sprachwissenschaftler
|c associate Professor der Polytechnischen Universität
|g Ludwiga Semjonovna
|4 727
|
| 801 |
|
1 |
|a RU
|b 63413507
|c 20130205
|
| 801 |
|
2 |
|a RU
|b 63413507
|c 20140227
|g RCR
|
| 856 |
4 |
|
|u http://www.lib.tpu.ru/fulltext/c/2012/C11/V2/392.pdf
|
| 942 |
|
|
|c CF
|